[Event "COL-ch"]
[Site "Cartagena"]
[Date "2023.06.11"]
[Round "8"]
[White "Cantero Gonzalez, Mauricio Rafael"]
[Black "Betin Caliz, Jose"]
[Result "1-0"]
[WhiteElo "1189"]
[BlackElo "1600"]
[PlyCount "129"]
[EventDate "2023.06.08"]
[EventType "swiss"]
[EventRounds "9"]
[EventCountry "COL"]
[SourceTitle "CBM 215 Extra"]
[Source "ChessBase"]
[SourceDate "2023.09.30"]
[SourceVersion "1"]
[SourceVersionDate "2023.09.30"]
[SourceQuality "1"]

1. e4 e5 2. Nf3 Nc6 3. Bb5 Nge7 4. h3 a6 5. Ba4 Ng6 6. c3 d5 7. Bxc6+ bxc6 8. Qc2 Bd6 9. 0-0 Nf4 10. d3 g5 11. Re1 Qf6 12. d4 0-0 13. dxe5 Bxe5 14. exd5 Bd6 15. Nbd2 cxd5 16. Qd1 g4 17. Nh2 Bc5 18. Nxg4 Qg6 19. Qf3 f5 20. Ne3 Nxh3+ 21. Kf1 Be6 22. gxh3 Kh8 23. b4 Bd6 24. Nxd5 Qf7 25. Nf4 Bd7 26. Bb2 h6 27. Qd5 Bxf4 28. Qd4+ Kh7 29. Qxf4 Rg8 30. Re3 Qd5 31. Re7+ Kg6 32. Qg3+ Kh5 33. Qf3+ Qxf3 34. Nxf3 Bb5+ 35. Ke1 Rge8 36. Re3 f4 37. Re5+ Kg6 38. Kd2 Rad8+ 39. Kc2 Ba4+ 40. Kb1 Rxe5 41. Nxe5+ Kf5 42. Nf3 Ke4 43. Nd4 a5 44. a3 Rg8 45. Ka2 Kd3 46. Nb3 Bxb3+ 47. Kxb3 a4+ 48. Ka2 Rg2 49. Rd1+ Ke2 50. Rc1 Rh2 51. c4 Rxh3 52. Bd4 Rd3 53. Be5 f3 54. Bg3 Kd2 55. Bf4+ Ke2 56. Rc2+ Kd1 57. Rb2 Rd4 58. Bxc7 Rxc4 59. Bh2 Rg4 60. b5 Rg2 61. Bg3 Ke1 62. b6 Rxg3 63. fxg3 f2 64. Rxf2 Kxf2 65. b7 1-0

[Event "COL-ch"]
[Site "Cartagena"]
[Date "2023.06.08"]
[Round "2"]
[White "Betin Caliz, Jose"]
[Black "Torres Clavijo, Jose Manuel"]
[Result "1/2-1/2"]
[WhiteElo "1600"]
[BlackElo "1557"]
[PlyCount "47"]
[EventDate "2023.06.08"]
[EventType "swiss"]
[EventRounds "9"]
[EventCountry "COL"]
[SourceTitle "CBM 215 Extra"]
[Source "ChessBase"]
[SourceDate "2023.09.30"]
[SourceVersion "1"]
[SourceVersionDate "2023.09.30"]
[SourceQuality "1"]

1. e4 e5 2. Nf3 Nc6 3. Bc4 Nf6 4. d3 h6 5. c3 Be7 6. Bb3 d6 7. Nbd2 Be6 8. Nf1 a6 9. Ng3 Qd7 10. h3 g5 11. Be3 g4 12. Nh4 0-0-0 13. Nhf5 h5 14. Nxe7+ Nxe7 15. h4 Rdg8 16. d4 Bxb3 17. Qxb3 Ng6 18. dxe5 Nxe5 19. 0-0-0 Qc6 20. Nf5 Re8 21. Ng7 Reg8 22. Nf5 Re8 23. Ng7 Reg8 24. Bg5 1/2-1/2